Canadian Lakes and Rivers - Sudden Death - Statistics

General Stats
  • This quiz has been taken 103 times
  • The average score is 7 of 25
Answers on the Grid
Answers color-coded by a green-red scale on the quiz's grid according to % correct below.
Reindeer Lake
Nettilling Lake
Lac Seul
Churchill River
Albany River
Lesser Slave Lake
Nelson River
Amadjuak Lake
Stikine River
Lake Nipissing
Lake Simcoe
Grand River
Great Whale River
Thames River
Western Brook Pond
Oromocto River
Last Mountain Lake
Fraser River
Saskatchewan River
Lake Louise
Athabasca River
Dubawnt Lake
Mackenzie River
Mississippi River
Wanapitei Lake
Cayuga Lake
Great Salt Lake
Susquehanna River
Canadian River
Yellowstone River
Talkeetna River
Chattahoochee River
Lake Placid
Lake Havasu
Essequibo River
Darling River
Murrumbidgee River
Lake Carnegie
River Liffey
Loire River
Lake Malawi
Lake Albert
Lake Tanganyika
Tagus River
Orange River
Lake Pukaki
Rakaia River
Danube River
Concordia Lake
Hudson River
 
Answer Stats
Answer % Correct
Mackenzie River
59%
Saskatchewan River
57%
Athabasca River
53%
Churchill River
51%
Fraser River
49%
Lake Louise
43%
Lake Nipissing
43%
Lesser Slave Lake
39%
Nelson River
39%
Reindeer Lake
37%
Lake Simcoe
31%
Albany River
20%
Grand River
20%
Nettilling Lake
20%
Last Mountain Lake
18%
Great Whale River
14%
Lac Seul
14%
Thames River
14%
Dubawnt Lake
12%
Oromocto River
12%
Stikine River
12%
Wanapitei Lake
12%
Western Brook Pond
10%
Amadjuak Lake
8%
Mississippi River
6%
No matching quizzes found
Score Distribution
Percent of People with Each Score
Percentile by Number Answered
Your Score History
You have not taken this quiz